[Event "World ol U16"]
[Site "Ahmedabad"]
[Date "2017.12.18"]
[Round "9.3"]
[White "Acharya, Sushan"]
[Black "Asavasaetakul, Chawit"]
[Result "1-0"]
[WhiteElo "1626"]
[BlackElo "1704"]
[PlyCount "123"]
[EventDate "2017.12.11"]
[EventType "team-swiss"]
[EventRounds "9"]
[EventCountry "IND"]
[SourceTitle "CBM 182 Extra"]
[Source "ChessBase"]
[SourceDate "2018.02.23"]
[SourceVersion "1"]
[SourceVersionDate "2018.02.23"]
[SourceQuality "1"]
[WhiteTeam "Nepal"]
[BlackTeam "Thailand"]
[WhiteTeamCountry "NEP"]
[BlackTeamCountry "THA"]

1. d4 d5 2. c4 c6 3. Nf3 Nf6 4. g3 Bf5 5. Bg2 e6 6. 0-0 Be7 7. Nbd2 0-0 8. Nh4 Bg6 9. Nxg6 hxg6 10. e4 dxe4 11. Nxe4 Nbd7 12. Be3 Nxe4 13. Bxe4 Nf6 14. Bg2 Qd7 15. Qc2 Ng4 16. Rad1 Nxe3 17. fxe3 Qc7 18. Rf2 Rad8 19. Rdf1 Bg5 20. Qb3 Qe7 21. Kh1 Bf6 22. d5 cxd5 23. cxd5 exd5 24. Bxd5 Rd7 25. e4 Qe5 26. Qd1 Rfd8 27. Qb3 Qd4 28. Qf3 Rc7 29. Rd1 Qe5 30. Bxf7+ Kh7 31. Rxd8 Bxd8 32. Qg4 Qh5 33. Qxh5+ gxh5 34. Bxh5 g6 35. Bg4 Re7 36. Re2 Bc7 37. Kg2 Kg7 38. Kf3 Bb6 39. e5 Bd4 40. e6 Kf6 41. Ke4 Bc5 42. Rd2 Kg5 43. Bh3 Rh7 44. Bf1 Kf6 45. Bc4 Bg1 46. h4 Bc5 47. Rd7 Rxd7 48. exd7 Ke7 49. Be6 Bb6 50. Bh3 Bc7 51. Kf3 Kf6 52. Bg4 Bd8 53. h5 gxh5 54. Bxh5 Ke7 55. Bg4 Bc7 56. Bf5 Bd8 57. Ke4 Bc7 58. g4 Kf6 59. Kd5 Bd8 60. Kd6 Kg5 61. Ke6 Kh6 62. Kf7 1-0